| 000 | 00983nam a22002535a 4500 | ||
|---|---|---|---|
| 005 | 20081202064115.0 | ||
| 008 | 081025s2008 ii b 001 0 eng | ||
| 010 | _aENG-92895 | ||
| 020 | _c175.00 | ||
| 035 | _aEN-76428 | ||
| 037 | _bDBAD / PUB | ||
| 040 |
_adpl _bEnglish |
||
| 082 | _a954.53 | ||
| 100 | _aGopal, Surendra, | ||
| 245 |
_aStepping into modernity : _bPatna in the nineteenth century / _cby Surendra Gopal |
||
| 246 | _aPatna in the 19th century | ||
| 260 |
_aPatna _bKhuda Bakhsh Oriental Public Library _c2008 |
||
| 300 |
_axii, 200 p. ; _c23 cm (Hb) |
||
| 504 | _aIncludes bibliographical references and index. | ||
| 651 |
_aPatna (India) _xCivilization. |
||
| 710 | _aK̲h̲udā Bak̲h̲sh Oriyanṭal Pablik Lāʼibrerī. | ||
| 942 |
_2ddc _cEN _mGOP _h954.53 |
||
| 999 |
_c23120 _d23120 |
||